MARC details
| 000 -LEADER |
| fixed length control field |
01797nam a2200265 a 4500 |
| 008 - FIXED-LENGTH DATA ELEMENTS--GENERAL INFORMATION |
| fixed length control field |
150420s2010 ||||||||||||||||| || u |
| 020 ## - INTERNATIONAL STANDARD BOOK NUMBER |
| International Standard Book Number |
9781412971898 |
| 050 ## - LIBRARY OF CONGRESS CALL NUMBER |
| Classification number |
Q 180.55.M4 Fin |
| 100 ## - MAIN ENTRY--PERSONAL NAME |
| Personal name |
Fink, Arlene |
| 245 10 - TITLE STATEMENT |
| Title |
Conducting research literature reviews:from the internet to paper. (3rd ed.) |
| Statement of responsibility, etc. |
By Arlene Fink |
| 250 ## - EDITION STATEMENT |
| Edition statement |
3rd ed. |
| 260 ## - PUBLICATION, DISTRIBUTION, ETC. |
| Place of publication, distribution, etc. |
Los Angeles: |
| Name of publisher, distributor, etc. |
SAGE Publications |
| Date of publication, distribution, etc. |
2010 |
| 300 ## - PHYSICAL DESCRIPTION |
| Extent |
xvii, 253p.: ill. |
| 350 ## - |
| -- |
59.00 |
| 650 ## - SUBJECT ADDED ENTRY--TOPICAL TERM |
| Topical term or geographic name entry element |
BIOGRAPHY--METHODOLOGY |
| 650 #0 - SUBJECT ADDED ENTRY--TOPICAL TERM |
| Topical term or geographic name entry element |
RESEARCH--METHODOLOGY |
| 650 #0 - SUBJECT ADDED ENTRY--TOPICAL TERM |
| Topical term or geographic name entry element |
RESEARCH--EVALUATION |
| 995 ## - |
| -- |
ANNEX COLLECTION (Main Library) |
| -- |
745043 |
| -- |
CBU-MAIN LIBRARY (Kitwe) |
| -- |
59.00 |
| -- |
Q 180.55.M4 Fin |
| -- |
1 |
| -- |
AVAILABLE |
| -- |
Apr 23, 2015 |
| -- |
745043 |
| -- |
Annex Low-Usage Collection |
| 995 ## - |
| -- |
ANNEX COLLECTION (Main Library) |
| -- |
745044 |
| -- |
CBU-MAIN LIBRARY (Kitwe) |
| -- |
59.00 |
| -- |
Q 180.55.M4 Fin |
| -- |
2 |
| -- |
AVAILABLE |
| -- |
Apr 23, 2015 |
| -- |
745044 |
| -- |
Annex Low-Usage Collection |
| 995 ## - |
| -- |
MAIN LIBRARY OPEN ACCESS |
| -- |
745045 |
| -- |
CBU-MAIN LIBRARY (Kitwe) |
| -- |
59.00 |
| -- |
Q 180.55.M4 Fin |
| -- |
3 |
| -- |
AVAILABLE |
| -- |
Apr 23, 2015 |
| -- |
745045 |
| -- |
Main Library Open Access Collection |
| 995 ## - |
| -- |
MEDICAL LIBRARY OPEN ACCESS |
| -- |
745048 |
| -- |
CBU-SCHOOL OF MEDICINE LIBRARY (Ndola) |
| -- |
59.00 |
| -- |
Q 180.55.M4 Fin |
| -- |
6 |
| -- |
AVAILABLE |
| -- |
Apr 23, 2015 |
| -- |
745048 |
| -- |
Medical Library Open Access Collection |
| 995 ## - |
| -- |
ANNEX COLLECTION (Main Library) |
| -- |
745046 |
| -- |
CBU-MAIN LIBRARY (Kitwe) |
| -- |
59.00 |
| -- |
Q 180.55.M4 Fin |
| -- |
4 |
| -- |
AVAILABLE |
| -- |
Apr 23, 2015 |
| -- |
745046 |
| -- |
Annex Low-Usage Collection |
| 995 ## - |
| -- |
MEDICAL LIBRARY OPEN ACCESS |
| -- |
745047 |
| -- |
CBU-SCHOOL OF MEDICINE LIBRARY (Ndola) |
| -- |
59.00 |
| -- |
Q 180.55.M4 Fin |
| -- |
5 |
| -- |
AVAILABLE |
| -- |
Apr 23, 2015 |
| -- |
745047 |
| -- |
Medical Library Open Access Collection |
| 995 ## - |
| -- |
MAIN LIBRARY OPEN ACCESS |
| -- |
745511 |
| -- |
CBU-MAIN LIBRARY (Kitwe) |
| -- |
59.00 |
| -- |
Q 180.55.M4 Fin |
| -- |
7 |
| -- |
AVAILABLE |
| -- |
Jul 14, 2015 |
| -- |
745511 |
| -- |
Main Library Open Access Collection |
| 999 ## - |
| -- |
64036 |
| -- |
64036 |